[Event "Capablanca Memorial op-B 45th"]
[Site "Havana"]
[Date "2011.05.17"]
[Round "6"]
[White "Fonte Sanchez, Claudia"]
[Black "Doubleday, William G"]
[Result "1/2-1/2"]
[WhiteElo "2008"]
[BlackElo "2088"]
[PlyCount "36"]
[EventDate "2011.05.11"]
[EventType "swiss"]
[EventRounds "7"]
[EventCountry "CUB"]
[SourceTitle "CBM 142 Extra"]
[Source "ChessBase"]
[SourceDate "2011.06.27"]
[SourceVersion "1"]
[SourceVersionDate "2011.06.27"]
[SourceQuality "1"]

1. c4 c6 2. Nc3 d5 3. cxd5 cxd5 4. d4 Nf6 5. Nf3 e6 6. Bf4 a6 7. e3 Bd6 8. Bxd6 Qxd6 9. Bd3 0-0 10. 0-0 Nc6 11. a3 b5 12. b4 Bb7 13. Qb1 Rfc8 14. Rc1 h6 15. h3 e5 16. dxe5 Nxe5 17. Nxe5 Qxe5 18. Ne2 Re8 1/2-1/2

[Event "Havana Province-ch 1st Cat (Women)"]
[Site "Havana"]
[Date "2010.11.04"]
[Round "14"]
[White "Fonte Sanchez, Claudia"]
[Black "Rodriguez Caballero, Mayrelis"]
[Result "0-1"]
[WhiteElo "1984"]
[BlackElo "1992"]
[PlyCount "134"]
[EventDate "2010.10.19"]
[EventType "tourn"]
[EventRounds "14"]
[EventCountry "CUB"]
[SourceTitle "EXT 2019"]
[Source "ChessBase"]
[SourceDate "2018.10.10"]
[SourceVersion "1"]
[SourceVersionDate "2018.10.10"]
[SourceQuality "1"]

1. c4 Nf6 2. Nc3 g6 3. g3 Bg7 4. Bg2 0-0 5. Nf3 d6 6. 0-0 Nbd7 7. Rb1 a5 8. a3 c6 9. d3 Re8 10. Qc2 e5 11. Nd2 Nc5 12. b4 axb4 13. axb4 Ne6 14. e3 d5 15. Ne2 e4 16. dxe4 dxe4 17. Bb2 Ng5 18. Rfd1 Qe7 19. Nd4 Nh3+ 20. Bxh3 Bxh3 21. Bc3 h5 22. Re1 h4 23. Ne2 Nh5 24. Nf4 Nxf4 25. exf4 hxg3 26. hxg3 Bxc3 27. Qxc3 Bf5 28. Re3 Qd7 29. Rbe1 Ra2 30. Nxe4 Bxe4 31. Rxe4 Rxe4 32. Rxe4 Rd2 33. Re8+ Qxe8 34. Qxd2 Qe7 35. c5 Kg7 36. Kg2 Qe4+ 37. f3 Qc4 38. g4 f5 39. Qd7+ Qf7 40. Qxf7+ Kxf7 41. Kf2 Ke6 42. Ke2 Kd5 43. Kd3 Ke6 44. Kc4 Kd7 45. Kd4 Ke6 46. Kc4 Kd7 47. Kb3 Ke6 48. Ka4 Kd5 49. Ka5 Kc4 50. g5 Kb3 51. b5 Kc4 52. bxc6 bxc6 53. Kb6 Kd4 54. Kc7 Kxc5 55. Kd7 Kd5 56. Ke7 c5 57. Kf6 c4 58. Kxg6 c3 59. Kxf5 c2 60. g6 c1Q 61. g7 Qc8+ 62. Kg6 Qe6+ 63. Kh7 Qf5+ 64. Kh6 Qxf4+ 65. Kg6 Qd6+ 66. Kh7 Qe7 67. Kg6 Qe8+ 0-1

[Event "Havana Province-ch 1st Cat (Women)"]
[Site "Havana"]
[Date "2010.11.03"]
[Round "13"]
[White "Pages Roman, Seidy"]
[Black "Fonte Sanchez, Claudia"]
[Result "0-1"]
[WhiteElo "1973"]
[BlackElo "1984"]
[PlyCount "80"]
[EventDate "2010.10.19"]
[EventType "tourn"]
[EventRounds "14"]
[EventCountry "CUB"]
[SourceTitle "EXT 2019"]
[Source "ChessBase"]
[SourceDate "2018.10.10"]
[SourceVersion "1"]
[SourceVersionDate "2018.10.10"]
[SourceQuality "1"]

1. d4 d5 2. Nf3 c6 3. e3 Bf5 4. Bd3 Bxd3 5. Qxd3 Nf6 6. Nbd2 e6 7. 0-0 Be7 8. e4 0-0 9. e5 Nfd7 10. Re1 c5 11. c3 Nc6 12. a3 a5 13. Nf1 c4 14. Qc2 b5 15. Bf4 Qb6 16. Bg5 b4 17. Bxe7 Nxe7 18. Ng5 g6 19. Rab1 h6 20. Nf3 Kg7 21. Qd2 Rab8 22. axb4 axb4 23. cxb4 Qxb4 24. Qf4 Qb3 25. Qc1 Rb7 26. Re3 Qb6 27. g4 Nc6 28. Qd2 Na5 29. Rc3 Nb3 30. Qf4 Qa5 31. N3d2 Nxd2 32. Qxd2 Rfb8 33. Qc1 Qa7 34. Rh3 g5 35. Qd2 Qa2 36. Qc1 Rxb2 37. Ra1 Rc2 38. Qe1 Qb2 39. Ng3 Qxd4 40. Nh5+ Kg6 0-1

[Event "Maria Teresa Mora Memorial IM2"]
[Site "Havana"]
[Date "2010.03.17"]
[Round "13"]
[White "Fonte Sanchez, Claudia"]
[Black "Ragolta Franco, Eduardo"]
[Result "0-1"]
[WhiteElo "2030"]
[BlackElo "2175"]
[PlyCount "46"]
[EventDate "2010.03.05"]
[EventType "tourn"]
[EventRounds "13"]
[EventCountry "CUB"]
[SourceTitle "EXT 2019"]
[Source "ChessBase"]
[SourceDate "2018.10.10"]
[SourceVersion "1"]
[SourceVersionDate "2018.10.10"]
[SourceQuality "1"]

1. c4 e5 2. Nc3 Nc6 3. g3 g6 4. Bg2 Bg7 5. d3 f5 6. Nf3 Nf6 7. 0-0 0-0 8. Rb1 d6 9. b4 a6 10. a4 h6 11. b5 axb5 12. axb5 Ne7 13. Bb2 g5 14. Ra1 Rxa1 15. Qxa1 Be6 16. Nd2 b6 17. Qa7 Qd7 18. Qb7 f4 19. Nde4 Ne8 20. Ba3 Nf5 21. c5 bxc5 22. Bxc5 fxg3 23. fxg3 dxc5 0-1

[Event "Maria Teresa Mora Memorial IM2"]
[Site "Havana"]
[Date "2010.03.14"]
[Round "10"]
[White "Perez Mederos, Raul"]
[Black "Fonte Sanchez, Claudia"]
[Result "1-0"]
[WhiteElo "2191"]
[BlackElo "2030"]
[PlyCount "79"]
[EventDate "2010.03.05"]
[EventType "tourn"]
[EventRounds "13"]
[EventCountry "CUB"]
[SourceTitle "EXT 2019"]
[Source "ChessBase"]
[SourceDate "2018.10.10"]
[SourceVersion "1"]
[SourceVersionDate "2018.10.10"]
[SourceQuality "1"]

1. e4 c5 2. Nf3 d6 3. c3 Nf6 4. Bc4 Nc6 5. d3 Bg4 6. Nbd2 e6 7. 0-0 Be7 8. Re1 0-0 9. Bb3 Qc7 10. Nf1 Rad8 11. h3 Bxf3 12. Qxf3 Ne5 13. Qe2 Nc6 14. Bg5 h6 15. Bh4 d5 16. e5 Nh7 17. Bg3 Rfe8 18. Nh2 Nf8 19. Qh5 Ng6 20. Ng4 Bf8 21. Rad1 Qe7 22. f4 Qd7 23. d4 Nce7 24. Ne3 cxd4 25. cxd4 Nh8 26. Bc2 g6 27. Qe2 Nf5 28. Bf2 Rc8 29. g4 Nxe3 30. Bxe3 Rc7 31. Rf1 Rec8 32. Bb1 Bg7 33. f5 g5 34. Qd2 Qa4 35. b3 Qe8 36. h4 gxh4 37. Bxh6 Qf8 38. Bg5 Qe8 39. Bxh4 Rc6 40. f6 1-0

[Event "Maria Teresa Mora Memorial IM2"]
[Site "Havana"]
[Date "2010.03.11"]
[Round "7"]
[White "Perez de Leon, Roberto"]
[Black "Fonte Sanchez, Claudia"]
[Result "1-0"]
[WhiteElo "2146"]
[BlackElo "2030"]
[PlyCount "63"]
[EventDate "2010.03.05"]
[EventType "tourn"]
[EventRounds "13"]
[EventCountry "CUB"]
[SourceTitle "EXT 2019"]
[Source "ChessBase"]
[SourceDate "2018.10.10"]
[SourceVersion "1"]
[SourceVersionDate "2018.10.10"]
[SourceQuality "1"]

1. Nf3 Nf6 2. g3 d5 3. d4 c6 4. Bg2 Bf5 5. 0-0 e6 6. c4 Be7 7. Nc3 Nbd7 8. cxd5 exd5 9. Re1 0-0 10. a3 Ne4 11. Nd2 Nxd2 12. Bxd2 Nf6 13. b4 a6 14. Bg5 Ne4 15. Bxe7 Qxe7 16. Nxe4 Bxe4 17. f3 Bg6 18. e4 Qd7 19. e5 Qf5 20. Qd2 Qd3 21. Red1 Qb3 22. Rdc1 Qa4 23. Bf1 Rfe8 24. Be2 a5 25. b5 Rac8 26. Qb2 Red8 27. Rc5 b6 28. Bd1 Qxd1+ 29. Rxd1 bxc5 30. dxc5 cxb5 31. Qxb5 Ra8 32. c6 1-0

[Event "Havana Province-ch (Women)"]
[Site "Havana"]
[Date "2009.11.06"]
[Round "9"]
[White "Hernandez Moya, Yuleisis"]
[Black "Fonte Sanchez, Claudia"]
[Result "1-0"]
[WhiteElo "2143"]
[BlackElo "1976"]
[PlyCount "47"]
[EventDate "2009.10.25"]
[EventType "tourn"]
[EventRounds "11"]
[EventCountry "CUB"]
[EventCategory "1"]
[SourceTitle "EXT 2012"]
[Source "ChessBase"]
[SourceDate "2011.11.24"]
[SourceVersion "1"]
[SourceVersionDate "2011.11.24"]
[SourceQuality "1"]

1. e4 c5 2. Nf3 d6 3. Bb5+ Bd7 4. Bxd7+ Qxd7 5. c4 Nf6 6. Nc3 Nc6 7. d4 cxd4 8. Nxd4 g6 9. h3 Bg7 10. Be3 0-0 11. 0-0 Rfc8 12. b3 a6 13. Rc1 Rab8 14. a4 Qd8 15. Nde2 Qa5 16. f4 Qb4 17. Kh1 Na5 18. e5 dxe5 19. fxe5 Rd8 20. Qc2 Ne8 21. Nd5 Qa3 22. Bb6 Nxb3 23. Bxd8 Rxd8 24. Rf3 1-0

[Event "Havana Province-ch (Women)"]
[Site "Havana"]
[Date "2009.10.31"]
[Round "7"]
[White "Cardenas Ballester, Maydelin"]
[Black "Fonte Sanchez, Claudia"]
[Result "0-1"]
[WhiteElo "2102"]
[BlackElo "1976"]
[PlyCount "132"]
[EventDate "2009.10.25"]
[EventType "tourn"]
[EventRounds "11"]
[EventCountry "CUB"]
[EventCategory "1"]
[SourceTitle "EXT 2012"]
[Source "ChessBase"]
[SourceDate "2011.11.24"]
[SourceVersion "1"]
[SourceVersionDate "2011.11.24"]
[SourceQuality "1"]

1. e4 c5 2. Nf3 d6 3. d4 cxd4 4. c3 dxc3 5. Nxc3 Nc6 6. Bc4 e6 7. 0-0 Be7 8. Qe2 Qc7 9. Rd1 a6 10. a4 Bd7 11. Bf4 Ne5 12. Ba2 Nf6 13. Rac1 Qb8 14. b4 0-0 15. Nxe5 dxe5 16. Bg5 Rd8 17. b5 axb5 18. axb5 Be8 19. Bc4 Rxd1+ 20. Rxd1 Qc7 21. Nb1 Rc8 22. Bd3 Rd8 23. Nd2 Qc3 24. Nf1 Qb3 25. Ne3 h6 26. Bxf6 Bxf6 27. Bc4 Rxd1+ 28. Qxd1 Qb4 29. Qd3 Bg5 30. Nf1 Bh4 31. g3 Be7 32. Nd2 Bc5 33. Kg2 Bb6 34. Qe2 Kf8 35. Nf3 Qc5 36. h3 Ke7 37. Nd2 Qb4 38. Qd3 Qd6 39. Qe2 Bd4 40. Nb3 Qb4 41. Qd3 Bb6 42. Nd2 Qb2 43. Qe2 Ba5 44. Nb3 Qxe2 45. Bxe2 Bb6 46. Kf3 Kd6 47. Bc4 Kc7 48. Ke2 Ba7 49. f4 exf4 50. gxf4 Kb6 51. Nd4 Ka5 52. Nxe6 fxe6 53. Bxe6 Kxb5 54. Kd3 Kc5 55. e5 b5 56. f5 Bb8 57. f6 Bg6+ 58. Ke3 Bxe5 59. f7 Bd6 60. h4 h5 61. Ba2 b4 62. Bb3 Kc6 63. Ba4+ Kc7 64. Kd4 Bxf7 65. Bc2 b3 66. Bb1 b2 0-1

[Event "Havana Province-ch (Women)"]
[Site "Havana"]
[Date "2009.10.29"]
[Round "5"]
[White "Catala Matienzo, Ivette"]
[Black "Fonte Sanchez, Claudia"]
[Result "0-1"]
[WhiteElo "2155"]
[BlackElo "1976"]
[PlyCount "108"]
[EventDate "2009.10.25"]
[EventType "tourn"]
[EventRounds "11"]
[EventCountry "CUB"]
[EventCategory "1"]
[SourceTitle "EXT 2012"]
[Source "ChessBase"]
[SourceDate "2011.11.24"]
[SourceVersion "1"]
[SourceVersionDate "2011.11.24"]
[SourceQuality "1"]

1. d4 d5 2. Nf3 c6 3. e3 Bf5 4. c4 e6 5. Nc3 Nf6 6. cxd5 exd5 7. Ne5 Bd6 8. Qf3 Be6 9. Bd3 Nbd7 10. Qg3 0-0 11. f4 Be7 12. 0-0 Nb6 13. Qf3 Ne8 14. g4 f5 15. Qh3 Nd6 16. g5 Qc8 17. Rf3 Nd7 18. Qh5 Nxe5 19. fxe5 g6 20. Qh6 Nf7 21. Qh4 Bxg5 22. Qg3 Qd8 23. Ne2 Bh4 24. Qg2 Qg5 25. Nf4 Qxg2+ 26. Kxg2 Ng5 27. Rf1 Bd7 28. b4 Ne6 29. Bd2 Bg5 30. Rab1 Bxf4 31. exf4 Nxd4 32. Be3 Ne6 33. Kf3 b6 34. Rfc1 Rfc8 35. Ba6 Rc7 36. h4 Bc8 37. Be2 c5 38. bxc5 bxc5 39. h5 Bb7 40. Kf2 d4 41. Bd2 Bd5 42. hxg6 hxg6 43. Ba5 Rcc8 44. Ba6 Rcb8 45. a4 Kf7 46. Kg3 c4 47. Bb4 c3 48. Bb5 a6 49. Bd7 a5 50. Ba3 Rxb1 51. Rxb1 d3 52. Rd1 d2 53. Kf2 Bb3 54. Rh1 c2 0-1

[Event "Havana Province-ch (Women)"]
[Site "Havana"]
[Date "2009.10.26"]
[Round "2"]
[White "Fonte Sanchez, Claudia"]
[Black "Miranda Rodriguez, Tania"]
[Result "0-1"]
[WhiteElo "1976"]
[BlackElo "2122"]
[PlyCount "62"]
[EventDate "2009.10.25"]
[EventType "tourn"]
[EventRounds "11"]
[EventCountry "CUB"]
[EventCategory "1"]
[SourceTitle "EXT 2012"]
[Source "ChessBase"]
[SourceDate "2011.11.24"]
[SourceVersion "1"]
[SourceVersionDate "2011.11.24"]
[SourceQuality "1"]

1. c4 Nf6 2. Nc3 g6 3. g3 Bg7 4. Bg2 0-0 5. Nf3 d6 6. 0-0 e5 7. d3 h6 8. Rb1 a5 9. a3 Nc6 10. b4 axb4 11. axb4 Be6 12. b5 Ne7 13. Bb2 Qd7 14. Re1 Bh3 15. Bh1 Ng4 16. Qb3 Kh7 17. Ra1 Rab8 18. Ra7 f5 19. Nd2 e4 20. Nd1 Bxb2 21. Qxb2 Nc8 22. Ra3 exd3 23. exd3 Nb6 24. Nc3 f4 25. Nce4 Rbe8 26. Nf3 Qf5 27. Qc3 fxg3 28. fxg3 Ne5 29. Nfd2 Nexc4 30. Raa1 Nxd2 31. Nxd2 Qf2# 0-1

[Event "Havana-ch phase1 (Women)"]
[Site "Havana"]
[Date "2009.10.14"]
[Round "9"]
[White "Fonte Sanchez, Claudia"]
[Black "Cordero Suarez, Greisy"]
[Result "0-1"]
[WhiteElo "1976"]
[BlackElo "1986"]
[PlyCount "74"]
[EventDate "2009.10.03"]
[EventType "tourn"]
[EventRounds "11"]
[EventCountry "CUB"]
[EventCategory "1"]
[SourceTitle "EXT 2012"]
[Source "ChessBase"]
[SourceDate "2011.11.24"]
[SourceVersion "1"]
[SourceVersionDate "2011.11.24"]
[SourceQuality "1"]

1. c4 e5 2. Nc3 Nf6 3. g3 Bc5 4. d3 0-0 5. Nf3 d6 6. Bg2 c6 7. 0-0 Bb6 8. b4 Nbd7 9. Nd2 Re8 10. a4 Bd4 11. Qc2 Nf8 12. e3 Bxc3 13. Qxc3 Qe7 14. b5 c5 15. Nb3 Ne6 16. a5 Rb8 17. Bb2 Ng5 18. Nd2 Bh3 19. Rfe1 Bxg2 20. Kxg2 Qd7 21. Kg1 Qh3 22. f3 h5 23. Re2 h4 24. Rg2 Qf5 25. Rf1 hxg3 26. Rxg3 Nh5 27. Rg2 Re6 28. Kh1 Nh3 29. f4 Rf6 30. e4 Qh7 31. fxe5 Rxf1+ 32. Nxf1 N5f4 33. exd6 Nxg2 34. Qe5 Nh4 35. Nd2 Qg6 36. Qg3 Qxg3 37. hxg3 Nf2+ 0-1

[Event "Havana-ch phase1 (Women)"]
[Site "Havana"]
[Date "2009.10.12"]
[Round "7"]
[White "Pages Roman, Seidy"]
[Black "Fonte Sanchez, Claudia"]
[Result "1-0"]
[WhiteElo "1953"]
[BlackElo "1976"]
[PlyCount "47"]
[EventDate "2009.10.03"]
[EventType "tourn"]
[EventRounds "11"]
[EventCountry "CUB"]
[EventCategory "1"]
[SourceTitle "EXT 2012"]
[Source "ChessBase"]
[SourceDate "2011.11.24"]
[SourceVersion "1"]
[SourceVersionDate "2011.11.24"]
[SourceQuality "1"]

1. d4 d5 2. e3 Bf5 3. Bd3 Bxd3 4. Qxd3 Nf6 5. Nf3 e6 6. Nbd2 Nbd7 7. 0-0 c5 8. c3 Bd6 9. e4 dxe4 10. Nxe4 Be7 11. dxc5 Nxe4 12. Qxe4 Nxc5 13. Qg4 0-0 14. Be3 Qc7 15. Bd4 f6 16. Bxc5 f5 17. Qc4 Bxc5 18. Qxe6+ Kh8 19. Rad1 Rae8 20. Qd7 Qb6 21. b4 Be7 22. Rfe1 Qf6 23. Re6 Qf7 24. Rde1 1-0

[Event "Havana-ch phase1 (Women)"]
[Site "Havana"]
[Date "2009.10.07"]
[Round "5"]
[White "Alvarez Morales, Dayana Giselle"]
[Black "Fonte Sanchez, Claudia"]
[Result "0-1"]
[WhiteElo "2015"]
[BlackElo "1976"]
[PlyCount "64"]
[EventDate "2009.10.03"]
[EventType "tourn"]
[EventRounds "11"]
[EventCountry "CUB"]
[EventCategory "1"]
[SourceTitle "EXT 2012"]
[Source "ChessBase"]
[SourceDate "2011.11.24"]
[SourceVersion "1"]
[SourceVersionDate "2011.11.24"]
[SourceQuality "1"]

1. e4 c5 2. Nf3 d6 3. d4 cxd4 4. Nxd4 Nf6 5. Nc3 g6 6. Bg5 Bg7 7. Be2 Nc6 8. Nb3 0-0 9. 0-0 Be6 10. Kh1 Na5 11. f4 Rc8 12. f5 Bc4 13. Bd3 a6 14. Qe1 Nxb3 15. axb3 Bxd3 16. cxd3 Nd7 17. Qh4 Bf6 18. Nd5 Bxg5 19. Qxg5 Nf6 20. Nxf6+ exf6 21. Qh6 Kh8 22. Rf3 Rg8 23. Raf1 Qe7 24. Qe3 g5 25. Rh3 Kg7 26. Rh5 h6 27. h4 Rh8 28. Kg1 Qc7 29. b4 Qc2 30. Qd4 Qd2 31. Kh2 Qe2 32. Rf3 Rc2 0-1

[Event "Havana-ch phase1 (Women)"]
[Site "Havana"]
[Date "2009.10.06"]
[Round "4"]
[White "Fonte Sanchez, Claudia"]
[Black "Romero Nunez, Wendy"]
[Result "0-1"]
[WhiteElo "1976"]
[BlackElo "2058"]
[PlyCount "84"]
[EventDate "2009.10.03"]
[EventType "tourn"]
[EventRounds "11"]
[EventCountry "CUB"]
[EventCategory "1"]
[SourceTitle "EXT 2012"]
[Source "ChessBase"]
[SourceDate "2011.11.24"]
[SourceVersion "1"]
[SourceVersionDate "2011.11.24"]
[SourceQuality "1"]

1. c4 e5 2. Nc3 c5 3. g3 g6 4. Bg2 Bg7 5. d3 Ne7 6. Nf3 0-0 7. 0-0 Nbc6 8. Ne1 d6 9. Nc2 Be6 10. Ne3 Qd7 11. Re1 Rab8 12. Rb1 a6 13. Ned5 b5 14. Bh6 b4 15. Nxe7+ Nxe7 16. Bxg7 Kxg7 17. Ne4 h6 18. Nd2 a5 19. Qc2 a4 20. a3 Rb6 21. Ra1 Rfb8 22. axb4 Rxb4 23. Reb1 Nc6 24. e3 Na5 25. Ra3 Nb3 26. Nxb3 Rxb3 27. Rxb3 Rxb3 28. Ra1 Qe8 29. Bf3 Bd7 30. Qd2 Qb8 31. Ra2 Rb4 32. Bd1 Bc6 33. e4 Qb7 34. f3 f5 35. Qe2 Qf7 36. Kg2 Qf6 37. Bc2 Qg5 38. Qe1 fxe4 39. fxe4 Bd7 40. h3 Qh5 41. h4 Qg4 42. Kf2 Rb8 0-1